00486cam a22001217a 4500008004000000082001700040100006900057245014500126260003300271300000900304500002500313700002600338180718b1969 xxu||||| |||| 00| 0 eng d aT2x5432 H266 aHaryana. Industrialists Committee on Intensive Industrialization aReport of the Industrialists Committee on Intensive Industrialization of Haryanacby Industrialists Committee on Intensive Industrialization aChandigarhbThe authorc1969 a26p. aChairman: Bharat Ram aBharat Ram (Chairman)